[Event "Challenge"]
[Site "http://www.queenalice.com/game.php?id=1176976"]
[Date "2013.5.1"]
[Round "-"]
[White "marison"]
[Black "askasl159"]
[Result "1-0"]
[WhiteElo "1791"]
[BlackElo "1763"]

1. d4 d5 2. Nf3 h6 3. h3 Bf5 4. a3 Nf6 5. Bf4 e6 6. Nc3 Be7 7. e3 a6 8. Ne5 c5
9. Bd3 Bxd3 10. Qxd3 cxd4 11. exd4 Nbd7 12. Nf3 Nb6 13. O-O-O Nh5 14. Be3 Nc4
15. Ne5 Na5 16. g4 Nf6 17. f3 Qb6 18. Na4 Qc7 19. Qc3 Bd6 20. f4 Ne4 21. Qxc7
Bxc7 22. Nc5 Nc4 23. Rde1 Bxe5 24. fxe5 Nxc5 25. dxc5 Nxe5 26. Bd4 Nf3 27. Rd1
Rg8 28. Rd3 Nh4 29. Bf2 g5 30. Re1 Ng2 31. Rf1 Kd7 32. Rf3 Rg7 33. Bg3 Rc8 34.
Bd6 Kc6 35. a4 b6 36. Rc3 bxc5 37. Bxc5 Kd7 38. Bd4 Rh7 39. Rcf3 Ke8 40. Rb3 Rc4
41. Rb8+ Kd7 42. Bc3 Rf4 43. Rg1 Ne3 44. Bd2 Rf1+ 45. Rxf1 Nxf1 46. Be1 f5 47.
Rb7+ Ke8 48. Rxh7 fxg4 49. hxg4 Ne3 50. Rxh6 Kf7 51. Bd2 Nxg4 52. Rh7+ Kg6 53.
Ra7 Kf5 54. Rg7 Ke4 55. Rxg5 Nh2 56. Rh5 Nf3 57. Ba5 d4 58. b4 d3 59. cxd3+ Kxd3
60. b5 axb5 61. axb5 e5 62. b6 e4 63. b7 Ke2 64. b8=Q Kf2 65. Bb6+ Kf1 66. Qf4
Kg2 67. Qxe4 Kg3 68. Qg6+ Kf4 69. Qd6+ Kg4 70. Qd5 Kf4 71. Rf5+ Kg4 72. Qxf3+
Kh4 73. Rh5# 1-0

[Event "Singularity"]
[Site "http://www.queenalice.com/game.php?id=1180964"]
[Date "2013.5.13"]
[Round "-"]
[White "askasl159"]
[Black "marison"]
[Result "0-1"]
[WhiteElo "1785"]
[BlackElo "1806"]

1. c4 e5 2. Nc3 c6 3. a3 Bc5 4. e3 Nf6 5. f4 exf4 6. d4 Bd6 7. e4 Ng8 8. Nf3 f6
9. Bd3 g5 10. h3 Bc7 11. d5 Be5 12. Bd2 c5 13. Qb3 d6 14. Na4 Na6 15. Nc3 Nc7
16. Nd1 Ne7 17. Bc3 Ng6 18. Bxe5 fxe5 19. Nc3 a6 20. Nd1 h5 21. Nf2 h4 22. Ng4
Rb8 23. Qd1 Bxg4 24. hxg4 Qf6 25. Nd2 Rd8 26. Nb1 Rd7 27. Nc3 Na8 28. Bc2 Kd8
29. Ba4 Re7 30. Bb3 Kc8 31. Na4 Rhh7 32. Ba2 Rhf7 33. Qb3 f3 34. O-O-O fxg2 35.
Rhg1 Qf4+ 36. Rd2 Qf1+ 37. Qd1 Qf4 38. Bb1 h3 39. Nc3 Nh4 40. Ne2 Qxg4 41. Bd3
Nf3 42. b3 Nxg1 43. Qxg1 Rf1+ 44. Kb2 Rxg1 45. Nxg1 Rf7 0-1

[Event "Winter Is Coming"]
[Site "http://www.queenalice.com/game.php?id=1184463"]
[Date "2013.5.25"]
[Round "-"]
[White "marison"]
[Black "askasl159"]
[Result "1-0"]
[WhiteElo "1821"]
[BlackElo "1783"]

1. d4 d5 2. Bf4 Bf5 3. h3 e6 4. e3 Nf6 5. Bd3 Bxd3 6. cxd3 c5 7. Qa4+ Nc6 8. Ne2
Be7 9. O-O Qb6 10. b3 cxd4 11. Nxd4 O-O 12. Nxc6 bxc6 13. Rc1 c5 14. d4 cxd4 15.
Qxd4 Qb4 16. Qxb4 Bxb4 17. a3 Ba5 18. b4 Bb6 19. a4 a5 20. b5 Rac8 21. Rd1 Nd7
22. e4 d4 23. Nd2 e5 24. Bg3 f5 25. exf5 Rxf5 26. Nf3 e4 27. Nxd4 Bxd4 28. Rxd4
Re8 29. Rxd7 e3 30. f3 Rf7 31. Rxf7 Kxf7 32. b6 Re7 33. Rc1 Ke6 34. Rc7 Rxc7 35.
bxc7 Kd7 36. Kf1 g5 37. Ke2 h5 38. Kxe3 h4 39. Be5 Kc8 40. Ke4 Kb7 41. Kd5 Kc8
42. Kd6 1-0

[Event "Challenge"]
[Site "http://www.queenalice.com/game.php?id=1187610"]
[Date "2013.6.4"]
[Round "-"]
[White "askasl159"]
[Black "marison"]
[Result "1-0"]
[WhiteElo "1784"]
[BlackElo "1835"]

1. e4 e5 2. Bc4 Nf6 3. d3 Bc5 4. Nf3 d6 5. h3 h6 6. Nbd2 Qe7 7. a3 Be6 8. Bxe6
Qxe6 9. Nb3 Bb6 10. Qe2 Nc6 11. Be3 Ba5+ 12. Nxa5 Nxa5 13. b4 Nc6 14. O-O a6 15.
Bd2 d5 16. exd5 Nxd5 17. c4 Nf6 18. a4 O-O 19. b5 axb5 20. axb5 Ne7 21. Qxe5
Qxe5 22. Nxe5 b6 23. Bb4 Rxa1 24. Rxa1 Re8 25. Ra7 c5 26. Bc3 Nc8 27. Ra6 Kf8
28. f4 Nh5 29. Bd2 g5 30. Ng4 Nxf4 31. Bxf4 gxf4 32. Nxh6 Kg7 33. Ng4 Re6 34.
Ra8 Nd6 35. Kf2 Nf5 36. Kf3 Nh4+ 37. Kf2 Rd6 38. Ra3 f6 39. g3 fxg3+ 40. Kxg3
Ng6 41. Nf2 Kh6 42. Nd1 Ne5 43. Nf2 Kg5 44. Ne4+ Kf5 45. Nxd6+ 1-0

[Event "Desafio"]
[Site "http://www.queenalice.com/game.php?id=1189037"]
[Date "2013.6.8"]
[Round "-"]
[White "marison"]
[Black "askasl159"]
[Result "1-0"]
[WhiteElo "1817"]
[BlackElo "1827"]

1. d4 c6 2. Bd2 d5 3. Bc3 Bf5 4. h3 e6 5. e3 Bd6 6. a3 Nf6 7. f3 Bg3+ 8. Kd2 h6
9. Bb4 a5 10. Bc3 Nbd7 11. Ne2 Bd6 12. Qe1 O-O 13. g4 Bg6 14. h4 h5 15. g5 Ne8
16. f4 c5 17. dxc5 Nxc5 18. Kc1 Be4 19. Rh3 Qb6 20. Nd4 Na4 21. Bb5 Nc5 22. a4
Bf5 23. Rg3 Ne4 24. Nxf5 Nxg3 25. Nxg3 g6 26. Nd2 Nc7 27. Bd3 Bb4 28. Bd4 Bxd2+
29. Qxd2 Qd6 30. Qc3 Kh7 31. Be5 Qc6 32. Qd2 f5 33. Ra3 Rfc8 34. c3 Ne8 35. Qc2
Nd6 36. Ne2 Nc4 37. Rb3 Nxe3 38. Qd2 Nc4 39. Bxc4 dxc4 40. Ra3 Rd8 41. Nd4 Qd5
42. Qe2 Rac8 43. Bf6 Re8 44. Nb5 Rc6 45. Be5 Rd8 46. Nd4 Rb6 47. Kc2 Kg8 48. Ra1
Kf7 49. Bf6 Rd7 50. Re1 Rc7 51. Kb1 Qd7 52. Qc2 Rc5 53. Re5 Rxe5 54. Bxe5 Ra6
55. Nb5 Ra8 56. Qe2 Qc6 57. Nd6+ Ke7 58. Qxc4 Qxc4 59. Nxc4 Kd7 60. Nb6+ Kc6 61.
Nxa8 b6 62. Nc7 Kd7 63. b4 axb4 64. cxb4 Kc6 65. a5 1-0

[Event "keep walking"]
[Site "http://www.queenalice.com/game.php?id=1193513"]
[Date "2013.6.23"]
[Round "-"]
[White "askasl159"]
[Black "marison"]
[Result "1-0"]
[WhiteElo "1846"]
[BlackElo "1833"]

1. c4 e5 2. Nc3 Bb4 3. Qc2 c6 4. a3 Bc5 5. Nf3 d6 6. h3 a5 7. e3 Qf6 8. Be2 Bf5
9. Bd3 Be6 10. Ne4 Qe7 11. Qc3 Ba7 12. Bc2 Nf6 13. Nxf6+ Qxf6 14. Qxa5 Bxc4 15.
Qb4 Bd5 16. Qxb7 O-O 17. Qxa8 Qe7 18. e4 Na6 19. Qxf8+ Kxf8 20. exd5 cxd5 21.
Bxh7 g6 22. O-O Kg7 23. Bxg6 fxg6 24. b4 e4 25. Nh2 d4 26. Ng4 d5 27. f3 d3+ 28.
Kh1 Qg5 29. Ra2 Nc7 30. f4 Qe7 31. Ne5 Bd4 32. Nc6 Qf6 33. Nxd4 Qxd4 34. Bb2
Qxb2 35. Rxb2 1-0

[Event "marison x agnaldo"]
[Site "http://www.queenalice.com/game.php?id=1196596"]
[Date "2013.7.3"]
[Round "-"]
[White "marison"]
[Black "askasl159"]
[Result "1-0"]
[WhiteElo "1818"]
[BlackElo "1883"]

1. d4 d5 2. Nf3 Bf5 3. Bf4 h6 4. h3 g5 5. Be5 Rh7 6. Nc3 e6 7. a3 h5 8. Qd2 Nc6
9. h4 Nxe5 10. dxe5 g4 11. Ng5 Rh8 12. f3 Ne7 13. e4 Bg6 14. exd5 Nxd5 15. O-O-O
Qe7 16. Nxd5 exd5 17. Qxd5 c6 18. Qb3 Bg7 19. e6 f6 20. Rd7 Qf8 21. Nf7 Bxf7 22.
Rxf7 Qg8 23. Bc4 Qh7 24. Re1 b5 25. Bd3 Qh6+ 26. Kb1 Rf8 27. Rc7 Qf4 28. Rxg7
Qa4 29. Bg6+ Kd8 30. e7+ Kc7 31. exf8=Q+ Kb6 32. Qxa8 1-0

[Event "Horizonte de Eventos"]
[Site "http://www.queenalice.com/game.php?id=1198264"]
[Date "2013.7.9"]
[Round "-"]
[White "askasl159"]
[Black "marison"]
[Result "1/2-1/2"]
[WhiteElo "1728"]
[BlackElo "1837"]

1. g3 d5 2. Bg2 Bf5 3. Nf3 Nc6 4. e3 e5 5. d3 Bb4+ 6. Nbd2 Nf6 7. b3 Qd7 8. Bb2
d4 9. e4 Bg4 10. O-O h5 11. Nc4 Qe6 12. a3 Be7 13. Qd2 O-O-O 14. Ng5 Qd7 15.
Nxf7 Bc5 16. Nxd8 Rxd8 17. b4 Be7 18. b5 Nb8 19. a4 Qe6 20. c3 g5 21. cxd4 exd4
22. Rfe1 h4 23. e5 Nh5 24. Re4 h3 25. Bh1 Bc5 26. Qxg5 Rg8 27. Qd2 Bf5 28. Ree1
Nd7 29. a5 a6 30. bxa6 bxa6 31. Rab1 Rg4 32. Bf3 Rxg3+ 33. fxg3 Ng7 34. Na3 Qg6
35. Be4 Bxe4 36. Rxe4 Nf5 37. Qf4 Ne3 38. Nc4 Qh5 39. Kf2 Ng4+ 40. Ke1 Nxh2 41.
Bxd4 Nf3+ 42. Kf2 Nxd4 43. Rxd4 Bxd4+ 44. Qxd4 Qf5+ 45. Kg1 Qf3 46. Qe4 Qxg3+
47. Kh1 Kd8 48. Rg1 Qf2 49. Qg4 h2 50. Rg2 Qf1+ 51. Kxh2 Qxd3 52. Qe2 Qh7+ 53.
Kg1 Qh6 54. e6 Qc1+ 55. Qf1 Qxf1+ 56. Kxf1 Nf6 57. Re2 Nd5 58. Kf2 Ke7 59. Kf3
c6 60. Nb6 Nc7 61. Nc8+ Kd8 62. Nb6 Ke7 63. Rc2 Nxe6 64. Ke4 Kd6 65. Nc4+ Kc7
66. Ne5 Nd8 67. Kd4 Ne6+ 68. Ke4 Kd6 69. Rxc6+ Ke7 70. Rxa6 Nc5+ 71. Kd5 Nxa6
72. Kc6 Kd8 73. Kb7 Nc7 74. Nc6+ Kd7 75. Ne5+ Kd6 76. Kb6 Nd5+ 77. Kb7 Nc7 78.
Nf7+ Kd7 79. Ne5+ Kd6 1/2-1/2

[Event "Challenge :|"]
[Site "http://www.queenalice.com/game.php?id=1203962"]
[Date "2013.7.31"]
[Round "-"]
[White "marison"]
[Black "askasl159"]
[Result "0-1"]
[WhiteElo "1833"]
[BlackElo "1774"]

1. e4 e5 2. h3 b6 3. Bb5 Bb7 4. d3 Be7 5. Nf3 c6 6. Bc4 b5 7. Bb3 Nf6 8. Nxe5 d5
9. exd5 cxd5 10. Qf3 h6 11. Be3 O-O 12. d4 Nc6 13. Nxc6 Bxc6 14. Nc3 a5 15. a4
bxa4 16. Nxa4 Bxa4 17. Rxa4 Ne4 18. O-O Qd7 19. Rfa1 Bd8 20. c4 Bc7 21. cxd5
Rfe8 22. Bc4 Ng5 23. Qd1 Ne4 24. b4 Nc3 25. Qb3 Nxa4 26. Rxa4 axb4 27. Rxa8 Rxa8
28. Kf1 Qa4 29. Ke2 Qxb3 30. Bxb3 Ra3 31. Bd1 b3 32. Bc1 Ra1 33. Kd2 Ba5+ 34.
Ke3 Rxc1 35. Bxb3 Rc3+ 36. Ke4 Rxb3 37. h4 Rb2 38. Ke3 Kf8 39. g4 f6 40. h5 Ke7
41. f3 Kd6 42. Kf4 Kxd5 43. Kf5 Kxd4 44. f4 Ke3 45. Kg6 Rb7 46. g5 fxg5 47. fxg5
hxg5 48. Kxg5 Rb6 49. Kg4 Rf6 50. Kg5 Ke4 51. Kg4 Bd2 52. Kh4 Rf1 53. Kg3 g6 54.
hxg6 Bc3 55. Kg4 Rg1+ 56. Kh5 Bd2 57. Kh4 Kf3 58. Kh5 Rh1# 0-1

[Event "Primary Key"]
[Site "http://www.queenalice.com/game.php?id=1206047"]
[Date "2013.8.7"]
[Round "-"]
[White "askasl159"]
[Black "marison"]
[Result "1-0"]
[WhiteElo "1752"]
[BlackElo "1815"]

1. e4 e5 2. b3 Bc5 3. Bb2 Qf6 4. Nf3 d6 5. h3 a6 6. Bc4 h6 7. d4 exd4 8. Nxd4
Nd7 9. Bc3 Ne7 10. Nf5 Qg5 11. Nxg7+ Kd8 12. Qg4 Qc1+ 13. Qd1 Qg5 14. g4 f6 15.
Ne6+ Ke8 16. Nxc7+ Kd8 17. Nxa8 Qc1 18. Qxc1 1-0

[Event "Challenge"]
[Site "http://www.queenalice.com/game.php?id=1206852"]
[Date "2013.8.10"]
[Round "-"]
[White "marison"]
[Black "askasl159"]
[Result "1-0"]
[WhiteElo "1796"]
[BlackElo "1764"]

1. d4 d5 2. h3 h6 3. Nf3 Bf5 4. Bf4 Nf6 5. Nc3 Nc6 6. a3 e6 7. e3 Bd6 8. Bb5 a6
9. Bxc6+ bxc6 10. Ne5 c5 11. dxc5 Bxc5 12. g4 Bh7 13. Qd2 Ne4 14. Nxe4 Bxe4 15.
Rf1 Qh4 16. Qc3 Bb6 17. Qc6+ Ke7 18. Qd7+ Kf6 19. Qxf7# 1-0

[Event "Challenge ∞"]
[Site "http://www.queenalice.com/game.php?id=1208087"]
[Date "2013.8.14"]
[Round "-"]
[White "askasl159"]
[Black "marison"]
[Result "0-1"]
[WhiteElo "1738"]
[BlackElo "1811"]

1. f4 d5 2. Nf3 h6 3. e3 Nf6 4. h3 Bf5 5. c4 e6 6. Nc3 Nc6 7. cxd5 Nxd5 8. Nxd5
Qxd5 9. d4 O-O-O 10. Bd2 Be4 11. Be2 Be7 12. O-O g5 13. Ne5 Nxe5 14. fxe5 Bxg2
15. Bf3 Bxf3 16. Rxf3 Rdf8 17. Qe2 h5 18. a3 g4 19. hxg4 hxg4 20. Rg3 Qh1+ 21.
Kf2 Rh2+ 22. Rg2 Rxg2# 0-1

[Event "Challenge"]
[Site "http://www.queenalice.com/game.php?id=1211627"]
[Date "2013.8.26"]
[Round "-"]
[White "marison"]
[Black "askasl159"]
[Result "0-1"]
[WhiteElo "1824"]
[BlackElo "1761"]

1. d4 d5 2. h3 g6 3. Nf3 Bg7 4. e3 a6 5. Bd3 e6 6. Bd2 Ne7 7. Bb4 Nbc6 8. Ba3 e5
9. Bxe7 Qxe7 10. dxe5 Nxe5 11. Nxe5 Qb4+ 12. Nd2 Bxe5 13. Rb1 Bd7 14. c3 Qd6 15.
Nf3 Bg7 16. Qb3 b6 17. O-O a5 18. c4 dxc4 19. Bxc4 O-O 20. Rbd1 Qe7 21. Qc2 Bf5
22. Qe2 Rad8 23. Rxd8 Rxd8 24. Re1 c6 25. a4 Qb4 26. b3 Bc3 27. Rc1 Bf6 28. e4
Bc8 29. e5 Bg7 30. Qe4 Qc5 31. Bxf7+ Kxf7 32. Rxc5 bxc5 33. Qxc6 Kg8 34. Qxc5
Bb7 35. Qc7 Rd1+ 36. Kh2 Bxf3 37. gxf3 h5 38. e6 Re1 39. e7 Be5+ 40. Qxe5 Rxe5
41. Kg3 Rxe7 42. f4 Kg7 43. Kf3 Rb7 44. Ke4 Rxb3 45. f5 gxf5+ 46. Kxf5 Rf3+ 47.
Kg5 Rxh3 48. f4 Rg3+ 49. Kxh5 Kf6 50. Kh4 Rg8 51. Kh5 Kf5 52. Kh6 Kxf4 53. Kh5
Rg4 54. Kh6 Kf5 0-1

[Event "Next!"]
[Site "http://www.queenalice.com/game.php?id=1214514"]
[Date "2013.9.5"]
[Round "-"]
[White "askasl159"]
[Black "marison"]
[Result "1-0"]
[WhiteElo "1811"]
[BlackElo "1805"]

1. e4 e5 2. f4 exf4 3. Bc4 Qh4+ 4. Kf1 Bc5 5. d4 Bb6 6. Nf3 Qf6 7. b3 d6 8. Nc3
c6 9. h3 Be6 10. Bxe6 fxe6 11. Ba3 d5 12. e5 Qf7 13. Kf2 h6 14. Bd6 Nd7 15. Ne2
g5 16. c4 dxc4 17. bxc4 Ne7 18. a4 a5 19. Nd2 Nc8 20. Ba3 c5 21. dxc5 Nxc5 22.
Bxc5 Bxc5+ 23. Ke1 Bb4 24. Rf1 Qc7 25. Qc2 Ne7 26. Qe4 O-O-O 27. Ra2 Nf5 28. Rf3
Rh7 29. Nc3 Rd4 30. Qe2 Ne3 31. Nb5 Qxc4 32. Qxc4+ Nxc4 33. Nxd4 Kd7 34. Nb3
Nxe5 35. Rf1 Kc6 36. Ke2 Rd7 37. Ne4 Nc4 38. Rd1 Rf7 39. Rc2 f3+ 40. gxf3 b5 41.
axb5+ Kb6 42. Rxc4 Rf4 43. Rc6+ Kxb5 44. Rxe6 h5 45. Nxg5 Rf5 46. Nd4+ Kc4 47.
Nxf5 a4 48. Ra6 a3 49. Nd6+ 1-0

[Event "Cyvasse"]
[Site "http://www.queenalice.com/game.php?id=1216776"]
[Date "2013.9.13"]
[Round "-"]
[White "marison"]
[Black "askasl159"]
[Result "1-0"]
[WhiteElo "1789"]
[BlackElo "1935"]

1. d4 b6 2. Bf4 Bb7 3. Nc3 h6 4. Nf3 Nf6 5. h3 d6 6. e3 Nbd7 7. Bd3 Nd5 8. Nxd5
Bxd5 9. a3 Bxf3 10. Qxf3 e5 11. dxe5 dxe5 12. Bg3 Bc5 13. Bc4 Qe7 14. Qxa8+ Qd8
15. Qxd8+ Kxd8 16. Bxf7 Ke7 17. Bd5 Rc8 18. O-O c6 19. Be4 Nf6 20. Bf3 e4 21.
Be2 Rd8 22. Rfd1 Rf8 23. b4 Ke6 24. bxc5 bxc5 25. Rd6+ Ke7 26. Rxc6 Kd7 27. Rc7+
Ke8 28. Bb5+ Nd7 29. Rxd7 Rf7 30. Rxf7+ Kxf7 31. Rd1 a5 32. Rd5 g5 33. Rxc5 Kf6
34. Bc6 h5 35. Rxa5 h4 36. Bc7 g4 37. hxg4 h3 38. gxh3 Kg6 39. Rf5 Kg7 40. Bd5
Kg6 41. Bf4 Kg7 42. Bxe4 Kg8 43. Be5 Kh7 44. Rg5+ Kh6 45. Rh5# 1-0

[Event "BIOS"]
[Site "http://www.queenalice.com/game.php?id=1218645"]
[Date "2013.9.21"]
[Round "-"]
[White "askasl159"]
[Black "marison"]
[Result "1-0"]
[WhiteElo "1872"]
[BlackElo "1811"]

1. e4 e5 2. b3 Nc6 3. Nf3 h6 4. Bb2 Qf6 5. Bb5 Bd6 6. d3 Nd4 7. Nxd4 exd4 8. Nd2
a6 9. Bc4 Bc5 10. Qe2 d6 11. h3 c6 12. b4 Bb6 13. a3 Ne7 14. Nf3 c5 15. bxc5
Bxc5 16. a4 Nc6 17. O-O O-O 18. Qd2 Re8 19. c3 dxc3 20. Bxc3 Qg6 21. Bd5 Ne5 22.
Bxe5 dxe5 23. a5 Bxh3 24. Nh4 Qg4 25. g3 Bxf1 26. Rxf1 Rac8 27. Bxb7 Rb8 28.
Bxa6 Bb4 29. Qc1 Bxa5 30. Kg2 Qe6 31. Bc4 Qc6 32. Bxf7+ Kxf7 33. Qxc6 Bb4 34.
Nf5 Red8 35. f4 exf4 36. Rxf4 Kg8 37. d4 Bf8 38. Qg6 Rdc8 39. Ne7+ Bxe7 40. Qf7+
Kh8 41. Qxe7 Kh7 42. Rf7 Rg8 43. e5 Rbd8 44. e6 Rxd4 45. Rf8 Rxf8 46. Qxf8 Re4
47. Qf5+ 1-0

[Event "Challenge"]
[Site "http://www.queenalice.com/game.php?id=1221517"]
[Date "2013.10.2"]
[Round "-"]
[White "marison"]
[Black "askasl159"]
[Result "1-0"]
[WhiteElo "1797"]
[BlackElo "1848"]

1. d4 d5 2. h3 g6 3. Bg5 Bg7 4. e3 c5 5. Bb5+ Bd7 6. Bxd7+ Nxd7 7. dxc5 Qa5+ 8.
Nc3 Bxc3+ 9. bxc3 Qxc3+ 10. Kf1 Qxc5 11. Nf3 h6 12. Bf4 Ngf6 13. Rb1 b6 14. Kg1
Ne4 15. Qd4 Qxd4 16. exd4 h5 17. Rf1 O-O 18. Re1 Rac8 19. Re2 Rfe8 20. Kh2 Nc3
21. Rd2 Nf6 22. Be3 Nfe4 23. Rd3 Nxa2 24. Ne1 Nb4 25. Ra3 a5 26. f3 Nd6 27. c3
Nc4 28. cxb4 Nxa3 29. bxa5 Nc4 30. Bf2 bxa5 31. Nd3 f6 32. Ra1 Rb8 33. Nc5 Rb2
34. Be1 e5 35. dxe5 fxe5 36. Bc3 Rc2 37. Bxa5 Ne3 38. Bc7 Rxg2+ 39. Kh1 Rc2 40.
Bb6 Rf8 41. Ne6 Rxf3 42. Ra8+ Kh7 43. Ng5+ Kh6 44. Nxf3 Nc4 45. Bd8 Rf2 46. Ng5
Rf8 47. Ne6 Rf7 48. Bg5+ Kh7 49. Nf8+ Kg7 50. Ne6+ Kh7 51. Rd8 d4 52. Kg2 Nd2
53. Bxd2 Rf6 54. Rd7+ Kg8 55. Re7 Rf7 56. Re8+ Kh7 57. Ng5+ Kg7 58. Nxf7 Kxf7
59. Rxe5 Kf6 60. Ra5 Ke6 61. Kf3 Kf6 62. Ke4 d3 63. h4 Ke6 64. Ra6+ Kd7 65. Kxd3
g5 66. hxg5 Ke7 67. Ke4 Kf7 68. Kf5 1-0

[Event "F=ma"]
[Site "http://www.queenalice.com/game.php?id=1226211"]
[Date "2013.10.21"]
[Round "-"]
[White "askasl159"]
[Black "marison"]
[Result "0-1"]
[WhiteElo "1813"]
[BlackElo "1815"]

1. e4 e5 2. f4 exf4 3. Bc4 Bc5 4. Nf3 Nc6 5. d3 Qf6 6. Nc3 Nge7 7. Qd2 Be3 8.
Qe2 Nd4 9. Nxd4 Bxd4 10. Bd2 Qh4+ 11. Kd1 d6 12. Qf3 Bg4 13. Be1 Bxf3+ 14. gxf3
Bf2 15. Kd2 O-O 16. e5 Bxe1+ 17. Raxe1 Nf5 18. Nb5 Ne3 19. exd6 cxd6 20. Nxd6
Qf2+ 21. Kc3 Qxc2+ 22. Kb4 Qxb2+ 23. Bb3 Qd4+ 24. Ka3 Qxd6+ 25. Kb2 Qxd3 26. Rc1
Rfc8 27. Rxc8+ Rxc8 0-1

[Event "#include"]
[Site "http://www.queenalice.com/game.php?id=1231149"]
[Date "2013.11.9"]
[Round "-"]
[White "marison"]
[Black "askasl159"]
[Result "1-0"]
[WhiteElo "1831"]
[BlackElo "1859"]

1. e4 e5 2. a3 b6 3. Bb5 Bb7 4. Qf3 Nf6 5. d3 h6 6. Nc3 Be7 7. h3 a6 8. Ba4 b5
9. Bb3 Nc6 10. Be3 d6 11. Nge2 Qd7 12. Nd5 Na5 13. Nxf6+ Bxf6 14. Ng3 Nxb3 15.
cxb3 Qe6 16. Qd1 d5 17. exd5 Bxd5 18. O-O Bxb3 19. Qc1 Qd7 20. Qc3 Bd5 21. Rfd1
O-O 22. d4 e4 23. Re1 Rab8 24. Bf4 Rfe8 25. Rad1 Rb7 26. Rd2 Re6 27. Rde2 Qe7
28. Nf5 Qd7 29. Ne3 Rc6 30. Qd2 Re6 31. Ng4 Be7 32. Ne5 Qd8 33. Re3 c5 34. dxc5
Qc8 35. b4 Ra7 36. Qxd5 a5 37. Rxe4 axb4 38. axb4 f6 39. Ng6 Kh7 40. Nxe7 Raxe7
41. Rxe6 Rxe6 42. Rxe6 Qg8 43. Qe4+ Kh8 44. Re8 Qxe8 45. Qxe8+ Kh7 46. Qf7 Kh8
47. Bd6 Kh7 48. Bf8 h5 49. Qxg7# 1-0

[Event "Challenge"]
[Site "http://www.queenalice.com/game.php?id=1237772"]
[Date "2013.12.5"]
[Round "-"]
[White "askasl159"]
[Black "marison"]
[Result "1-0"]
[WhiteElo "1790"]
[BlackElo "1848"]

1. g3 e5 2. Bg2 d5 3. e3 Nf6 4. b3 Nc6 5. Bb2 Bd6 6. d4 e4 7. Nc3 Bb4 8. Ne2 Bg4
9. Qd2 Qe7 10. Nf4 O-O-O 11. a3 Ba5 12. b4 Bb6 13. h3 Bh5 14. Bf1 g5 15. Ng2 Bf3
16. g4 h5 17. gxh5 Rxh5 18. h4 Bxg2 19. Bxg2 gxh4 20. Bh3+ Kb8 21. Qe2 Rdh8 22.
O-O-O Rg5 23. f3 exf3 24. Qxf3 Rg3 25. Qf2 Rxe3 26. Rde1 Bxd4 27. Qd2 Rxe1+ 28.
Rxe1 Ne4 29. Nxe4 Bxb2+ 30. Kxb2 dxe4 31. Qf4 Qe5+ 32. Qxe5 Nxe5 33. Rxe4 Ng6
34. c4 c6 35. c5 a6 36. a4 Rd8 37. a5 Rd3 38. Re8+ Kc7 39. Rc8# 1-0

[Event "Happy new year!"]
[Site "http://www.queenalice.com/game.php?id=1242880"]
[Date "2013.12.26"]
[Round "-"]
[White "marison"]
[Black "askasl159"]
[Result "1-0"]
[WhiteElo "1830"]
[BlackElo "1763"]

1. d4 d5 2. Nc3 Nf6 3. h3 h6 4. Bf4 Bd7 5. e3 e6 6. Bd3 Bb4 7. Qd2 b6 8. a3 Bxc3
9. Qxc3 Nc6 10. Nf3 a6 11. Ne5 Nxe5 12. dxe5 Nh5 13. Bh2 g6 14. e4 dxe4 15. Bxe4
Ra7 16. Bf3 Ng7 17. O-O Bb5 18. Rfd1 Qe7 19. Rd2 O-O 20. Rad1 a5 21. b3 Ne8 22.
a4 Ba6 23. Rd7 Qb4 24. Qxb4 axb4 25. Bc6 h5 26. Rd8 Ng7 27. R8d4 Nf5 28. Rxb4
Ne7 29. Bf3 Rb8 30. Rbd4 c5 31. Rd8+ Rxd8 32. Rxd8+ Kg7 33. c4 Nf5 34. Bf4 Nd4
35. Bd1 Bb7 36. Rd7 Nc6 37. Rc7 Na5 38. Bg5 Ra8 39. Bd2 Be4 40. Rd7 Nb7 41. f3
Bc6 42. Rc7 Nd8 43. Bg5 Be8 44. Bf6+ Kg8 45. Kf1 Rb8 46. g4 Nc6 47. gxh5 Nd4 48.
hxg6 fxg6 49. Rg7+ Kf8 50. Re7 Nf5 51. Rxe6 Bf7 52. Rc6 Nd4 53. Rd6 Be6 54. h4
Kf7 55. Bd8 Ke8 56. Bxb6 Rc8 57. Bxc5 Rxc5 58. Rxd4 Rxe5 59. Re4 Rxe4 60. fxe4
Kd7 61. Kf2 Kc6 62. Ke3 Kc5 63. Kf4 Kd4 64. e5 Kc3 65. Kg5 Bf7 66. Kf6 Be8 67.
Ke7 Bc6 68. e6 Kd2 69. Bg4 Kc3 70. Kd6 Be8 71. c5 Kxb3 72. c6 Kxa4 73. c7 Bb5
74. c8=Q Bd3 75. e7 Bb5 76. Bd7 Bxd7 77. Qxd7+ Ka3 78. Qb5 Ka2 79. e8=Q g5 80.
Qa8# 1-0

[Event "Challenge"]
[Site "http://www.queenalice.com/game.php?id=1253129"]
[Date "2014.2.1"]
[Round "-"]
[White "askasl159"]
[Black "marison"]
[Result "1-0"]
[WhiteElo "1712"]
[BlackElo "1843"]

1. e4 e5 2. b3 Bc5 3. Nf3 d6 4. Bb2 Bg4 5. Be2 Qf6 6. d3 Nc6 7. Nbd2 h6 8. h3
Bh5 9. g4 Bg6 10. Nc4 Bb4+ 11. Ncd2 Nd4 12. Nxd4 exd4 13. Bf3 O-O-O 14. a3 Bc5
15. b4 Bb6 16. Nc4 Ne7 17. a4 a6 18. a5 Ba7 19. Bg2 Nc6 20. Qd2 Rde8 21. O-O Bh7
22. Rfe1 g5 23. c3 Rhg8 24. cxd4 Nxd4 25. Bxd4 Bxd4 26. Rac1 Rd8 27. Na3 Bb2 28.
Rb1 Bc3 29. Qe2 Bxe1 30. Qxe1 b5 31. axb6 cxb6 32. Qc1+ Kb8 33. Qc6 Qd4 34. e5
d5 35. Nc4 Rc8 36. Qxb6+ Qxb6 37. Nxb6 Rc5 38. Nd7+ Kc7 39. Nxc5 Kb6 40. Nd7+
Kc6 41. Nf6 Rg7 42. Bxd5+ Kb5 43. Rb3 1-0

[Event "Challenge"]
[Site "http://www.queenalice.com/game.php?id=1259024"]
[Date "2014.2.22"]
[Round "-"]
[White "marison"]
[Black "askasl159"]
[Result "1-0"]
[WhiteElo "1822"]
[BlackElo "1727"]

1. d4 h6 2. Bf4 b6 3. e4 Bb7 4. e5 e6 5. Nf3 d6 6. Be2 dxe5 7. Bxe5 Nf6 8. Nc3
Bb4 9. Qd2 Qe7 10. a3 Bxc3 11. Qxc3 Nd5 12. Qd2 f6 13. Bg3 Nd7 14. Bxc7 Nxc7 15.
O-O-O Nd5 16. Nh4 O-O 17. Ng6 Qd6 18. Nxf8 Rxf8 19. Rhe1 e5 20. Bc4 Re8 21. dxe5
fxe5 22. Bxd5+ Bxd5 23. Qxd5+ Qxd5 24. Rxd5 Re7 25. Re4 a5 26. f4 Nf6 27. Rd8+
Kh7 28. Rxe5 Rc7 29. h3 Nd7 30. Re7 Kg6 31. Rdxd7 Rc5 32. Rxg7+ Kh5 33. g3 b5
34. Rd6 a4 35. Rh7 Rg5 36. Rhxh6# 1-0

[Event "Chekhov's Gun"]
[Site "http://www.queenalice.com/game.php?id=1264250"]
[Date "2014.3.12"]
[Round "-"]
[White "askasl159"]
[Black "marison"]
[Result "0-1"]
[WhiteElo "1871"]
[BlackElo "1834"]

1. e4 e5 2. b3 Nc6 3. Nf3 a6 4. Bb2 Qf6 5. d3 Bb4+ 6. c3 Bc5 7. Nbd2 d6 8. b4
Bb6 9. Nc4 Ba7 10. Qd2 h6 11. d4 Bg4 12. Be2 Bxf3 13. Bxf3 exd4 14. cxd4 Bxd4
15. Bxd4 Nxd4 16. Rd1 Nxf3+ 17. gxf3 Qxf3 18. Rg1 Qxe4+ 19. Qe3 Qxe3+ 20. fxe3
g6 21. Rg4 O-O-O 22. a4 Re8 23. Kd2 h5 24. Rf4 Re6 25. Rxf7 Nf6 26. Rf1 Ng4 27.
h3 Ne5 28. Rf8+ Rxf8 29. Rxf8+ Kd7 30. Nb2 b5 31. a5 Nc4+ 32. Nxc4 bxc4 33. Rf3
d5 34. h4 Kc6 35. Kc3 Kb5 36. Rg3 c6 37. Rf3 c5 38. bxc5 Kxc5 39. Rg3 Kb5 40.
Kd4 Rd6 41. e4 dxe4+ 42. Kxe4 Kxa5 43. Ke5 Rc6 44. Kd5 Kb5 45. Rg5 Rc5+ 46. Kd4
Rxg5 47. hxg5 h4 48. Ke5 h3 49. Kf6 h2 50. Kxg6 h1=Q 51. Kf7 Qh7+ 52. Kf6 Qg8
53. g6 c3 54. g7 c2 55. Kg6 c1=Q 56. Kf6 Qc5 57. Kg6 Qc6+ 58. Kh5 Qxg7 59. Kh4
Qcg2 60. Kh5 Q2g4# 0-1

[Event "Alt - F4"]
[Site "http://www.queenalice.com/game.php?id=1269562"]
[Date "2014.4.1"]
[Round "-"]
[White "marison"]
[Black "askasl159"]
[Result "1-0"]
[WhiteElo "1851"]
[BlackElo "1645"]

1. e4 e5 2. a3 b6 3. Bc4 Bb7 4. Qf3 Nf6 5. d3 Bc5 6. Bg5 h6 7. Bxf6 Qxf6 8. Qxf6
gxf6 9. Nf3 d6 10. Nc3 Bd4 11. Nxd4 exd4 12. Ne2 Nc6 13. Bd5 O-O-O 14. Bxf7 Rh7
15. Be6+ Kb8 16. Bf5 Rg7 17. O-O d5 18. b4 a6 19. Rfd1 Rdg8 20. g3 dxe4 21. dxe4
Rd8 22. Rd3 Bc8 23. Bxc8 Kxc8 24. Rad1 Rgd7 25. c4 dxc3 26. Rxd7 Rxd7 27. Rxd7
Kxd7 28. Nxc3 Ne7 29. Kg2 f5 30. exf5 Nxf5 31. Kf3 Ke6 32. Ke4 Nd6+ 33. Kf4 c6
34. a4 c5 35. bxc5 bxc5 36. h4 a5 37. g4 c4 38. h5 Nf7 39. Ke4 Kd6 40. Kd4 Ne5
41. Ne4+ Ke6 42. f4 Nxg4 43. Kxc4 Ne3+ 44. Kb5 Nd5 45. Kxa5 Nxf4 46. Kb5 Nxh5
47. a5 Ng7 48. a6 Ne8 49. Kc6 Ke7 50. a7 h5 51. a8=Q 1-0